[Event "FAI-ch"]
[Site "Hoyvik"]
[Date "2015.04.01"]
[Round "5"]
[White "Hansen, Herluf"]
[Black "Simonsen, Olavur"]
[Result "0-1"]
[WhiteElo "2036"]
[BlackElo "2205"]
[PlyCount "166"]
[EventDate "2015.03.28"]
[EventType "tourn"]
[EventRounds "9"]
[EventCountry "FAI"]
[SourceTitle "CBM 165 Extra"]
[Source "ChessBase"]
[SourceDate "2015.04.21"]
[SourceVersion "1"]
[SourceVersionDate "2015.04.21"]
[SourceQuality "1"]

1. c4 Nf6 2. Nc3 g6 3. g3 Bg7 4. Bg2 d6 5. e4 Nbd7 6. d3 0-0 7. Nge2 Rb8 8. 0-0 a6 9. Rb1 c6 10. b4 b5 11. cxb5 axb5 12. a4 bxa4 13. Qxa4 Nb6 14. Qc2 e5 15. h3 d5 16. d4 Nxe4 17. Nxe4 dxe4 18. dxe5 Qd3 19. Bxe4 Qxc2 20. Bxc2 Bxh3 21. Re1 Nc4 22. f4 Rfd8 23. Be4 Nd2 24. Bxd2 Rxd2 25. Bxc6 Bf8 26. Bg2 Bf5 27. Rbd1 Bxb4 28. Rxd2 Bxd2 29. Ra1 Be3+ 30. Kh1 Rb2 31. Ng1 Bf2 32. Kh2 Bd4 33. Re1 Bg4 34. Rf1 h6 35. Nf3 Bf2 36. Ng1 Kg7 37. Bf3 Be1+ 38. Bg2 Bf2 39. Bf3 h5 40. Bg2 Bc8 41. Nh3 Be3 42. Ng5 h4 43. Rf3 Bf2 44. gxh4 Bb7 45. Rd3 Bxh4 46. Nf3 Bf2 47. Rc3 Kh6 48. Kh3 Be4 49. Nh4 Bb1 50. Bf3 Rb4 51. Ng2 Kg7 52. Kh2 Bf5 53. Ra3 Rb8 54. Ne3 Be6 55. Ng4 Be1 56. Nf6 Rb2+ 57. Bg2 Bd2 58. Ra4 Bb3 59. Rd4 Be3 60. Re4 Bc1 61. Rb4 Bd1 62. Rxb2 Bxb2 63. Kg3 Bc1 64. Ne4 Kf8 65. Bf3 Bb3 66. Ng5 Ke7 67. Bg4 Bd2 68. Nf3 Be3 69. Ng5 Kd8 70. Nf3 Bb6 71. f5 Bc2 72. fxg6 fxg6 73. Kf4 Ke7 74. Bc8 Bc5 75. Kg3 Be3 76. Bg4 Kd8 77. Be6 Be4 78. Bg4 Kc7 79. Be6 Kc6 80. Kg4 Kc5 81. Ng5 Bc2 82. Ba2 Bf5+ 83. Kh4 Bf2# 0-1

[Event "FAI-ch"]
[Site "Hoyvik"]
[Date "2015.03.29"]
[Round "2"]
[White "Simonsen, Olavur"]
[Black "Nielsen, Rogvi Egilstoft"]
[Result "0-1"]
[WhiteElo "2205"]
[BlackElo "2295"]
[PlyCount "100"]
[EventDate "2015.03.28"]
[EventType "tourn"]
[EventRounds "9"]
[EventCountry "FAI"]
[SourceTitle "CBM 165 Extra"]
[Source "ChessBase"]
[SourceDate "2015.04.21"]
[SourceVersion "1"]
[SourceVersionDate "2015.04.21"]
[SourceQuality "1"]

1. e4 e5 2. Nf3 Nc6 3. Bb5 Nf6 4. d3 Bc5 5. Nc3 d6 6. Na4 Bb6 7. Nxb6 axb6 8. h3 h6 9. 0-0 0-0 10. Re1 Ne7 11. d4 Ng6 12. dxe5 dxe5 13. Qxd8 Rxd8 14. Bf1 Ra4 15. c4 Bd7 16. b3 Raa8 17. Bb2 Re8 18. g3 Bc6 19. Bd3 Nd7 20. b4 Ndf8 21. h4 f6 22. a3 Red8 23. Bc2 Be8 24. Red1 Bf7 25. Bd3 Ne7 26. Be2 Nc6 27. Kf1 Bg6 28. Nd2 Ne6 29. f3 Ned4 30. Kf2 Nxe2 31. Kxe2 Bf7 32. Rac1 Nd4+ 33. Bxd4 Rxd4 34. Nb1 Bxc4+ 35. Ke3 c5 36. Rxd4 cxd4+ 37. Kf2 b5 38. Nd2 Rxa3 39. Nxc4 bxc4 40. Rxc4 Ra2+ 41. Ke1 Rb2 42. Rc8+ Kh7 43. h5 Rxb4 44. g4 Rb2 45. Rd8 b5 46. Rb8 b4 47. Rd8 b3 48. Rb8 Rb1+ 49. Kd2 b2 50. Kc2 Rf1 0-1

[Event "FAI-chT 1415"]
[Site "Faroe Islands"]
[Date "2015.01.24"]
[Round "8.1"]
[White "Simonsen, Olavur"]
[Black "Simonsen, Hans Kristian"]
[Result "1/2-1/2"]
[WhiteElo "2211"]
[BlackElo "2157"]
[PlyCount "93"]
[EventDate "2014.10.26"]
[EventType "team-tourn"]
[EventRounds "10"]
[EventCountry "FAI"]
[SourceTitle "EXT 2019"]
[Source "ChessBase"]
[SourceDate "2018.10.10"]
[SourceVersion "1"]
[SourceVersionDate "2018.10.10"]
[SourceQuality "1"]
[WhiteTeam "Klaksvik"]
[BlackTeam "Rokur"]
[WhiteTeamCountry "FAI"]
[BlackTeamCountry "FAI"]

1. e4 d6 2. d4 Nf6 3. Nc3 g6 4. f4 Bg7 5. Nf3 0-0 6. Bd3 Bg4 7. h3 Bxf3 8. Qxf3 e5 9. fxe5 dxe5 10. Bg5 h6 11. Bxf6 Bxf6 12. d5 Nd7 13. 0-0-0 a6 14. Kb1 b5 15. g3 Rb8 16. h4 Rb6 17. Rdf1 Be7 18. h5 Bg5 19. Qe2 Rf6 20. Nd1 Rxf1 21. Rxf1 Nf6 22. hxg6 fxg6 23. c4 bxc4 24. Bxc4 a5 25. d6+ Kg7 26. dxc7 Qxc7 27. Nc3 h5 28. a3 Rc8 29. Bd5 Kh6 30. Qa6 Rb8 31. Ka2 Rb6 32. Qe2 Qb8 33. Na4 Rd6 34. Nc3 Qb6 35. Rf3 Ng4 36. Rf8 Be3 37. Nb5 Rf6 38. Rxf6 Nxf6 39. Qc4 Bf2 40. Nc7 Bxg3 41. Ne6 Qb8 42. Qc5 Nxd5 43. exd5 a4 44. Qe7 Qb3+ 45. Ka1 Qd1+ 46. Ka2 Qxd5+ 47. Ka1 1/2-1/2

[Event "FAI-chT 1415"]
[Site "Faroe Islands"]
[Date "2015.01.11"]
[Round "6.1"]
[White "Simonsen, Olavur"]
[Black "Nolsoe, Rani"]
[Result "1-0"]
[WhiteElo "2211"]
[BlackElo "2062"]
[PlyCount "83"]
[EventDate "2014.10.26"]
[EventType "team-tourn"]
[EventRounds "10"]
[EventCountry "FAI"]
[SourceTitle "EXT 2019"]
[Source "ChessBase"]
[SourceDate "2018.10.10"]
[SourceVersion "1"]
[SourceVersionDate "2018.10.10"]
[SourceQuality "1"]
[WhiteTeam "Klaksvik"]
[BlackTeam "Klaksvik II"]
[WhiteTeamCountry "FAI"]
[BlackTeamCountry "FAI"]

1. e4 e5 2. Nf3 d6 3. d4 Nd7 4. Nc3 Ngf6 5. Bc4 Be7 6. 0-0 h6 7. a4 c6 8. Re1 Qc7 9. a5 Nf8 10. a6 b5 11. Bf1 Ng6 12. d5 b4 13. Na4 c5 14. Bb5+ Bd7 15. Bxd7+ Nxd7 16. b3 0-0 17. Qd3 Nf4 18. Qc4 Rae8 19. c3 Rb8 20. Bd2 bxc3 21. Bxc3 Nb6 22. Nxb6 Qxb6 23. Nd2 Rfc8 24. g3 Nh5 25. Qe2 Nf6 26. Ra3 Ne8 27. Nc4 Qb5 28. Na5 Qd7 29. Nc6 Ra8 30. b4 cxb4 31. Bxb4 Bd8 32. Kg2 Bg5 33. Ba5 f5 34. f3 fxe4 35. fxe4 Rxc6 36. dxc6 Qxc6 37. Rc3 Qd7 38. Qc4+ Kh7 39. Qc6 Qxc6 40. Rxc6 Rb8 41. Re2 Be7 42. Be1 1-0

[Event "FAI-chT 1415"]
[Site "Faroe Islands"]
[Date "2014.11.23"]
[Round "5.1"]
[White "Simonsen, Olavur"]
[Black "Nielsen, Rogvi Egilstoft"]
[Result "0-1"]
[WhiteElo "2211"]
[BlackElo "2262"]
[PlyCount "156"]
[EventDate "2014.10.26"]
[EventType "team-tourn"]
[EventRounds "10"]
[EventCountry "FAI"]
[SourceTitle "CBM 163 Extra"]
[Source "ChessBase"]
[SourceDate "2014.12.23"]
[SourceVersion "1"]
[SourceVersionDate "2014.12.23"]
[SourceQuality "1"]
[WhiteTeam "Klaksvik"]
[BlackTeam "Sandavagur"]
[WhiteTeamCountry "FAI"]
[BlackTeamCountry "FAI"]

1. e4 e5 2. Nf3 Nc6 3. Bb5 a6 4. Ba4 Bc5 5. Nc3 Nge7 6. d3 d6 7. Be3 0-0 8. Bxc5 dxc5 9. h3 Qd6 10. Bxc6 Nxc6 11. Qd2 Be6 12. 0-0-0 Rad8 13. Kb1 c4 14. dxc4 Qc5 15. Nd5 Qxc4 16. Qe3 Bxd5 17. exd5 Rxd5 18. b3 Rxd1+ 19. Rxd1 Qe6 20. Ng5 Qe7 21. f4 h6 22. Ne4 exf4 23. Qxf4 Re8 24. Nc3 Qe5 25. Qxe5 Nxe5 26. Nd5 c6 27. Nf4 Kh7 28. Kb2 Re7 29. Kc3 Ng6 30. Nd3 Re3 31. Rd2 Rg3 32. Kd4 b6 33. Ke4 a5 34. Ne5 Nxe5 35. Kxe5 Rg6 36. Rd6 Rg5+ 37. Ke4 Rxg2 38. Rxc6 b5 39. Rc5 b4 40. Rxa5 Rxc2 41. Kf3 Rc3+ 42. Kg2 g5 43. Rb5 Rc2+ 44. Kf3 Rxa2 45. Rxb4 Kg6 46. h4 Rh2 47. hxg5 hxg5 48. Rb8 Rb2 49. Kg3 f6 50. Kf3 Rc2 51. Rb6 Rc1 52. Kg3 Rg1+ 53. Kf2 Rg4 54. Kf3 Rf4+ 55. Kg3 Re4 56. Kf3 Re5 57. Rc6 Rb5 58. Rc3 Rb4 59. Kg3 f5 60. Kh3 Kh5 61. Kg2 Rg4+ 62. Kf3 Rf4+ 63. Kg2 Rh4 64. Kf1 Rd4 65. Rc2 f4 66. Rb2 Rb4 67. Rh2+ Kg4 68. Rg2+ Kf5 69. Rb2 g4 70. Rb1 Ke4 71. Kf2 Rb6 72. b4 Rb5 73. Ke2 g3 74. Rb3 Rg5 75. Kf1 g2+ 76. Kg1 f3 77. Rb1 Rh5 78. Kf2 Rh1 0-1